000 01192nam a2200325 i 4500
003 EG-GICUC
005 20260121101703.0
008 260108s1988 ua ||||fr|||| 001 0 ara d
017 _a88/7125
020 _a9771034464
040 _a EG-GICUC
_bara
_c EG-GICUC
_d EG-GICUC
_erda
041 _aara
082 0 4 _a343.433
_bع ب . ت
_221
092 0 4 _221
099 _aLaw1 10 343.433 ع ب . ت 1988 1006775
100 0 _aعبد الحميد الشواربي.
_eمؤلف.
245 1 2 _aالتشرد والاشتباه والمراقبة القضائية /
_cدكتور عبد الحميد الشواربي.
264 1 _aالإسكندرية، مصر :
_bمنشأة المعارف،
_c1988.
300 _a97 صفحة ؛
_c24 سم.
336 _2rda content
_atext
337 _2rda media
_aComputer
338 _2rda carrier
_aOnline Resource
504 _aيشتمل على ارجاعات ببليوجرافية.
546 _aالنص باللغة العربية
650 1 _aالتشريع الخاص بالتشرد والتسول.
_2qrmak
651 1 _2qrmak
856 4 0 _uhttps://fll.law.cu.edu.eg/fulltext/bks/B10-06775.pdf
905 _a18
942 _2ddc
_n0
_cBK
_e21
999 _c55550
_d55550